00588 a2200181 450000100060000002000180000604000220002410000290004624000250007524500230010030000080012336200090013165000240014094200070016495201090017195201090028099900170038968405 a9786556132839 cAnchieta - Pituba aSantos, Thaís Siqueira10aHistória 8º anol10aHistória 8º ano a2240 a2023 4aHistória do mundo cBK 00104070a91.1b91.1d2023-11-21l0o909 G934h GUE HISp24028/PITr2023-11-21 18:36:27w2023-11-21yBK 00104070a91.1b91.1d2023-11-21l0o909 G934h GUE HISp24029/PITr2023-11-21 18:36:27w2023-11-21yBK c68405d68405